000 00502nam a2200193Ia 4500
003 LK-CoDNM
005 20240122151127.0
008 010623t1939 xxu||||| |||| 00| 1 sin d
040 _aLK-CoDNM
_dLK-CoDNM
_eLK-CoDNM
041 _asin
080 _a104
_bL 1
100 _aPagnatissa Thero,Diddenipota
245 _aමනුෂ්‍ය ජීවිතය
246 _aManushya Jeevitaya
260 _bJinalankara
_aColombo
_c1939
300 _b20p, 18 cm
650 _aHuman Life
942 _cBK
999 _c99406
_d99406